| 000 | 00000nam 2200000za 4500 |
| 001 | 9.646125 |
| 003 | CaOODSP |
| 005 | 20241115081808 |
| 007 | ta |
| 008 | 150407|1996||||xxc||||| f|0| 0 eng d |
| 020 | |a0-662-24153-3 |
| 040 | |aCaOODSP|beng |
| 043 | |an-cn--- |
| 086 | 1 |aH49-102/1995E |
| 110 | 1 |aCanada. |bDrugs Directorate. |
| 245 | 10|aReport of the National Consensus Conference on the Safety of Tissues and Organs for Transplantation : |bOctober 29-31, 1995, Ottawa |
| 260 | |aOttawa - Ontario : |bHealth Canada. |c1996. |
| 300 | |a56p. : |bfig. ; |c28 cm. |
| 500 | |a"The goal of the conference was to reach agreement on methods to reduce the risks of disease transmission by organs and tissues intended for transplantation."--Executive summary. |
| 520 | 3 |aThe goal of the conference was to reach agreement on methods to reduce the risks of disease transmission by organs and tissues intended for transplantation.--Executive summary |
| 563 | |aSoftcover |
| 590 | |a96-12|b1996-03-22 |
| 690 | 07|aOrgan transplants|2gcpds |
| 775 | 08|tRapport de la Conférence consensuelle nationale sur la sécurité des organes et des tissus destinés aux greffes : |w(CaOODSP)9.679712 |
| 776 | 0#|tReport of the National Consensus Conference on Safety of Organs and Tissues for Transplantation |w(CaOODSP)9.695409 |